000 00385nam a2200133Ia 4500
008 220217s9999||||xx |||||||||||||| ||und||
020 _a9789350234136
082 _a004.68 PFI
100 _aPfister, Cuno
_99802
245 0 _aGetting started with the internet of things
260 _aShroff publishers and dis. Pvt.
_bMumbai
_c2015
300 _aXIII, 176p.
_b275
650 _aWWW
999 _c187426
_d187426